000 00737cam a2200229 4500
001 J234
008 090401t1989 xxu||||| |||| 00| 0 eng d
035 _a(Sirsi) u73953
041 _aeng
050 _a692.8
090 _aJCT 1989/12A
110 _aJoint Contracts Tribunal
_93664
245 _aIntermediate Form of Building Contract for works of simple content 1984 edition...Amendment 5 and guidance note issued April 1989: amendments to VAT provisions.
260 _aLondon
_bRIBA Publications Ltd.
_c1989
300 _a12p. ; 30cm.
350 _a0
650 _aJCT INTERMEDIATE FORMS OF CONTRACT
650 _aVALUE ADDED TAX
690 _aBUILT ENVIRONMENT-BUILDING CONTRACT FORMS
942 _n0
948 _c04/03/1997
999 _c95746
_d95746